| 000 | 01042cad a22002535a 4500 | ||
|---|---|---|---|
| 001 | E151450 | ||
| 008 | 101108s2008 xxk f 100 0 eng d | ||
| 020 | _a9781842194348 | ||
| 035 | _a(Sirsi) u151450 | ||
| 041 | 0 | _aeng | |
| 100 | 1 | _aLi, Yvonne I. H. | |
| 111 | 2 |
_aConstruction and Building Research Conference _cDublin Institute of Technology, Dublin _d4-5 September 2008 |
|
| 245 | 0 | 0 |
_aStudy on the performance of public healthcare organization using a culture-structure-effectiveness model _h[electronic resource] |
| 260 |
_aLondon _bRICS _c2008 |
||
| 520 | _aA paper presented at the COBRA Conference 2008 in Dublin. | ||
| 590 | _aKA | ||
| 650 | 2 | 4 | _aCONSTRUCTION AND BUILDING RESEARCH CONFERENCE (COBRA) |
| 651 | 4 | _aHong Kong | |
| 690 | _aPROPERTY-OTHER PROPERTY TYPES-HEALTHCARE AND WELFARE PROPERTY | ||
| 700 | 1 | _aFellows, Richard F. | |
| 700 | 1 | _aLiu, Anita M. M. | |
| 856 | 4 | 0 |
_uhttps://www.rics.org/site/scripts/download_info.aspx?fileID=3277&categoryID=525 _zView the item free of charge at www.rics.org |
| 942 | _n0 | ||
| 999 |
_c111375 _d111375 |
||